000 01226nam0a22002891 4500
001 rc\4108421
005 20130415170113.0
021 _aRU
_b[46-14352]
035 _a(NLR Aleph) 008143768
090 _a9501259
_c9501259
100 _a20130415d1946 |||y0rusy50 ca
101 0 _arus
102 _aRU
105 _aa z |||||
200 1 _aБрикетирование торфа
_e(Краткие сведения о производстве торф. брикетов)
_fПод ред. министра местной топливной пром-сти Белорус. ССР И.С. Хотько
210 _aМинск
_cГос. изд-во БССР, Ред. науч.-техн. лит.
_d1946
_gТип. им. Сталина
215 _a43 с.
_cил.
_d20
300 _aПеред загл. авт.: инж. В.М. Наумович и инж. Б.Д. Паремский
606 _aТорф
_xБрикетирование
_2psbo
700 1 _aНаумович
_bВ. М.
_gВасилий Митрофанович
701 1 _aПаремский
_bБ. Д.
702 1 _aХотько
_bИ. С.
_4340
801 0 _aRU
_bNLR
_gpsbo
801 1 _aRU
_bELAR
_2rusmarc
852 _aNLR
_jТ44 Г-4/225
942 _cBOOK
980 _aNB